000 00584nam a2200169 i 4500
001 38519
003 ES-MaACL
005 20230906155755.0
007 t|
008 030225s1972 sp ||||1| spa d
100 1 _aCámara, Helder
_cArzobispo de Olinda-Recife.
_933983
245 1 3 _aHelder Cámara responde a Ulrich Stockmann
_b: la revolución de los violentos /
_cHelder Cámara ; tradujo: José L. Dominguez Villar.
260 _aPamplona :
_bDinor,
_c1972.
300 _a83 p. ;
_c18 cm.
700 1 _aDomínguez Villar, José L.
_945255
852 _aES-MaACL
_jC-52642
_bR.82776
999 _c38519
_d38519